Ekonomika poľnohospodárstva
Gespeichert in:
| Format: | Schriftenreihe |
|---|---|
| Sprache: | Slowakisch Englisch |
| Veröffentlicht: |
Bratislava
Výskumný ústav ekonomiky poľnohospodárstva a potravinárstva
|
| Schlagworte: | |
| Tags: |
Keine Tags, Fügen Sie das erste Tag hinzu!
|
MARC
| LEADER | 00000nas1a2200000 4500 | ||
|---|---|---|---|
| 001 | s124313 | ||
| 005 | 20231018093504.9 | ||
| 022 | |a 1335-6186 | ||
| 022 | |a 1338-6336 | ||
| 041 | 0 | |a slo | |
| 041 | 0 | |a eng | |
| 044 | |a SK | ||
| 245 | 1 | 0 | |a Ekonomika poľnohospodárstva |
| 264 | 1 | |a Bratislava |b Výskumný ústav ekonomiky poľnohospodárstva a potravinárstva | |
| 610 | 2 | 0 | |a poľnohospodárstvo |
| 610 | 2 | 0 | |a politika poľnohospodárska |
| 610 | 2 | 0 | |a odvetvia činnosti ekonomickej |
| 610 | 2 | 0 | |a riadenie podnikové |
| 610 | 2 | 0 | |a integrácia ekonomická medzinárodná |
| 610 | 2 | 0 | |a rozvoj sociálno-ekonomický |
| 610 | 2 | 0 | |a vidiek |
| 610 | 2 | 0 | |a technológie informačné |